000 02396nam0a2200361 4500
001 RU\NLR\bibl\1305658
005 20250615152416.0
010 _a978-5-9790-0066-4
_92000
021 _aRU
_b2008-82571
_94810
035 _a(NLR Aleph) 001291173
090 _a560215
_c560215
100 _a20081210d2008 |||y0rusy50 ca
101 1 _arus
_ceng
102 _aRU
105 _aa |||||||||
200 1 _aОфициальный учебный курс Microsoft: проектирование безопасности для сети Microsoft Windows Server 2003
_e[сертификационный экзамен] (70-298)
_e[с компакт-диском]
_fТони Нортрап
_g[пер. с англ. М. Розовского]
_gMicrosoft
210 _aМосква
_cЭКОМ
_cЭКОМ Паблишерз
_d2008
215 _a615 с.
_cил.
_d30
225 1 _aРекомендовано Microsoft IT Academy
300 _aЗагл. и авт. ориг.: Microsoft official academic course: desisgning security for a Microsoft Windows server 2003 network (70-298) / Tony Northrup
300 _aНа обл.: Проектирование безопасности для сети Microsoft Windows Server 2003: официальный учебный курс Microsoft 70-298
316 _aКомпакт-диск отсутствует
_5NLR
454 0 _12001#$aMicrosoft official academic course: desisgning security for a Microsoft Windows server 2003 network (70-298)$fMartin Grasdal
_1700#1$aNorthrup$bT.$gTony$4070
_tMicrosoft official academic course: desisgning security for a Microsoft Windows server 2003 network (70-298)
_aNorthrup, Tony
512 1 _6z22790
_aПроектирование безопасности для сети Microsoft Windows Server 2003
_eофициальный учебный курс Microsoft 70-298
606 1 _aMICROSOFT WINDOWS 2003 SERVER, сетевая операционная система
_jУчебные издания
_92321063
_3RU\NLR\auth\661388580
686 _aЗ988.02-018.2я7
700 1 _aНортрап
_bТ.
_gТони
_4070
790 1 _6z22512
_aНортрап
_bТ.
_gТони
_4070
801 0 _aRU
_bNLR
_c20081210
_gRCR
801 1 _aRU
_bNLR
_c20081210
942 _cBOOK
980 _aNB